Animal Crossing Most Popular Villagers - Statistics

General Stats
  • This quiz has been taken 393 times
  • The average score is 6 of 15
Answer Stats
Villager % Correct
Raymond
91%
Marshal
66%
Judy
50%
Ankha
43%
Bob
43%
Sherb
43%
Marina
42%
Zucker
38%
Fauna
37%
Audie
36%
Stitches
32%
Coco
30%
Dom
30%
Beau
27%
Roald
16%
No matching quizzes found
Score Distribution
Percent of People with Each Score
Percentile by Number Answered
Your Score History
You have not taken this quiz